ბათუმის შოთა რუსთაველის სახელმწიფო უნივერსიტეტის ბიბლიოთეკა

ფიზიკურ–გეოგრაფიული დარაიონება და ლანდშაფტურ–ეკოლოგიური პრობლემები =The physiographic zoning and landscape-ecological problems / (ბიბ.ჩანაწერი № 34436)

000 -ლიდერი
ფიქსირებული სიგრძის საკონტროლო ველი 01484nam a2200265Ia 4500
001 - საკონტროლო ნომერი
საკონტროლო ველი 178
003 - საკონტროლო ნომრის იდენტიფიკატორი
საკონტროლო ველი GE_BSU
005 - ბოლო ოპერაციის თარიღი და დრო
საკონტროლო ველი 20210225133045.0
008 - ფიქსირებული სიგრძის მონაცემთა ელემენტები - ზოგადი ინფორმაცია
ფიქსირებული სიგრძის საკონტროლო ველი 181216s2009||||ge |||||||||||||| ||geo||
020 ## - წიგნის საერთაშორისო სტანდარტული ნომერი
International Standard Book Number 9789941130441
040 ## - კატალოგიზაციის წყარო
Transcribing agency GE_BSU
041 ## - ენის კოდი
Language code of text/sound track or separate title geo
080 ## - უნივერსალური ათობითი კლასიფიკაციის ინდექსი
Universal Decimal Classification number 911.3 + 574 + 572 ს–43
100 ## - მთავარი ჩანაწერი - პიროვნების სახელი
Personal name სეფერთელაძე, ზურაბ
9 (RLIN) 10191
245 ## - ცნობა სათაურის შესახებ
Title ფიზიკურ–გეოგრაფიული დარაიონება და ლანდშაფტურ–ეკოლოგიური პრობლემები =The physiographic zoning and landscape-ecological problems /
Statement of responsibility, etc ზურაბ სეფერთელაძე ; [რედ. ნ. ელიზბარაშვილი] ; ივანე ჯავახიშვილის სახ. თსუ.
264 ## - წარმოების, გამოცემის, დისტრიბუციის და სხვა ცნობები
გამოცემის, წარმოების, დისტრიბუციის... ადგილი თბილისი :
გამოცემის, წარმოების, დისტრიბუციის... სახელწოდება თბილისის უნივერსიტეტის გამომცემლობა,
გამოცემის, წარმოების, დისტრიბუციის... თარიღი 2009.
300 ## - ფიზიკური აღწერა
Extent 228 გვ. ;
Other physical details 20სმ.
653 ## - INDEX TERM--UNCONTROLLED
Uncontrolled term ეკოლოგია
653 ## - INDEX TERM--UNCONTROLLED
Uncontrolled term ლანდშაფტების დიფერენციაცია
653 ## - INDEX TERM--UNCONTROLLED
Uncontrolled term ფიზიკურ– გეოგრაფიული დარაიონება
653 ## - INDEX TERM--UNCONTROLLED
Uncontrolled term ლანდშაფტური ეკოლოგია
700 ## - ADDED ENTRY--PERSONAL NAME
Personal name ელიზბარაშვილი, ნ.
Relator term რედაქტორი
9 (RLIN) 2822
710 ## - ADDED ENTRY--CORPORATE NAME
Corporate name or jurisdiction name as entry element თსუ
9 (RLIN) 10232
942 ## - ADDED ENTRY ELEMENTS (KOHA)
Koha item type წიგნი
Source of classification or shelving scheme
ეგზემპლარები
ჩამოწერის სტატუსი დაკარგული ეგზემპლარის სტატუსი კლასიფიკაციის წყარო ან თაროზე გაწყობის სქემა დაზიანების სტატუსი არ გაიცემა მუდმივი მდებარეობა (დაცვის ადგილი) ამჟამინდელი ადგილსამყოფელი თაროზე განთავსების ადგილი შეძენის თარიღი ღირებულება, შესყიდვის ნორმალური ფასი სრული შენახვის შიფრი შტრიხკოდი ბოლო ოპერაციის თარიღი ეგზემპლარის მიმდევრობითი ნომერი (კეტერი?) ფასის ძალაში შესვლის თარიღი ეგზემპლარის სახეობა საჯარო შენიშვნა
          ბათუმის შოთა რუსთაველის სახელმწიფო უნივერსიტეტის მთავარი ბიბლიოთეკა ბათუმის შოთა რუსთაველის სახელმწიფო უნივერსიტეტის მთავარი ბიბლიოთეკა წიგნსაცავი 2018-12-17 15.00 911.3 + 574 + 572 ს–43 2067 2018-12-17 2067 2018-12-17 წიგნი 15 ლ.
          ბათუმის შოთა რუსთაველის სახელმწიფო უნივერსიტეტის მთავარი ბიბლიოთეკა ბათუმის შოთა რუსთაველის სახელმწიფო უნივერსიტეტის მთავარი ბიბლიოთეკა წიგნსაცავი 2018-12-17 15.00 911.3 + 574 + 572 ს–43 2068 2018-12-17 2068 2018-12-17 წიგნი 15 ლ.
          ბათუმის შოთა რუსთაველის სახელმწიფო უნივერსიტეტის მთავარი ბიბლიოთეკა ბათუმის შოთა რუსთაველის სახელმწიფო უნივერსიტეტის მთავარი ბიბლიოთეკა წიგნსაცავი 2018-12-17 15.00 911.3 + 574 + 572 ს–43 2069 2018-12-17 2069 2018-12-17 წიგნი 15 ლ.
          ბათუმის შოთა რუსთაველის სახელმწიფო უნივერსიტეტის მთავარი ბიბლიოთეკა ბათუმის შოთა რუსთაველის სახელმწიფო უნივერსიტეტის მთავარი ბიბლიოთეკა წიგნსაცავი 2018-12-17 15.00 911.3 + 574 + 572 ს–43 2070 2018-12-17 2070 2018-12-17 წიგნი 15 ლ.
          ბათუმის შოთა რუსთაველის სახელმწიფო უნივერსიტეტის მთავარი ბიბლიოთეკა ბათუმის შოთა რუსთაველის სახელმწიფო უნივერსიტეტის მთავარი ბიბლიოთეკა წიგნსაცავი 2018-12-17 15.00 911.3 + 574 + 572 ს–43 2071 2018-12-17 2071 2018-12-17 წიგნი 15 ლ.